[Event "Vorarlberg-ch"]
[Site "Goetzis"]
[Date "1995.??.??"]
[Round "?"]
[White "Brugger, Hugo"]
[Black "Haltmayer, Josef"]
[Result "1-0"]
[WhiteElo "1935"]
[BlackElo "1705"]
[PlyCount "89"]
[EventDate "1995.??.??"]
[EventType "swiss"]
[EventRounds "7"]
[EventCountry "AUT"]
[SourceTitle "EXT 1999"]
[Source "ChessBase"]
[SourceDate "1998.11.16"]
[SourceVersion "1"]
[SourceVersionDate "1998.11.16"]
[SourceQuality "1"]

1. e4 e6 2. d4 d5 3. Nd2 c5 4. exd5 exd5 5. Bb5+ Nc6 6. Ngf3 Bd6 7. 0-0 Nge7 8. dxc5 Bxc5 9. Nb3 Bd6 10. Be3 0-0 11. c3 Bg4 12. h3 Bh5 13. Be2 Qc7 14. Nbd4 a6 15. Re1 Nxd4 16. Nxd4 Bxe2 17. Qxe2 Qd7 18. Rad1 b5 19. a3 Rfe8 20. Qd3 Rad8 21. Bg5 Qc8 22. Bxe7 Rxe7 23. Nf5 Rxe1+ 24. Rxe1 Qc7 25. Nxd6 Qxd6 26. Qd4 h6 27. Re3 Rd7 28. Rg3 f5 29. Rf3 Rf7 30. Rd3 Rd7 31. Re3 Kf7 32. Re5 g6 33. f4 Qc6 34. g4 fxg4 35. hxg4 Qb7 36. f5 g5 37. Re6 Qa7 38. Qxa7 Rxa7 39. Rxh6 Re7 40. Rh7+ Kf6 41. Rxe7 Kxe7 42. Kf2 Kf6 43. Ke3 Ke5 44. Kd3 a5 45. b3 1-0